Quiz Super Mario Galaxy - Statistiques

Statistiques générales
  • Ce quiz a été pris 686 fois
  • Le résultat moyen est 10 sur 15
Statistiques - réponses
Question Réponse % Correct
Comment s'appellent les petites créatures en forme d'étoile ? Les Lumas
99%
Comment s'appelle le premier boss que l'on doit affronter ? Dino Piranha
90%
Comment s'appellent les comètes nous proposant un challenge dans des galaxies déjà visitées ? Comètes farceuses
88%
Combien de pièces violettes doit-on récolter pour obtenir une étoile ? 100
84%
Quel champignon n'existe pas dans cet opus ? Le champignon pierre
78%
Quel objet permet à Mario de s'envoler ? L'étoile rouge
78%
Quel lieu ne fait pas partie de l'astronef ? La cave
76%
Comment s'appelle l'astronef d'Harmonie ? L'Observatoire de la comète
66%
Combien d'étoiles vertes faut-il récolter afin de débloquer les galaxies des épreuves du surf, de la boule, et de la bulle ? 3
63%
Comment attaquent les Poulbobs ? Ils crachent des pierres
62%
Quel boss se trouve dans la galaxie "Usine de robots" ? Mégapod
59%
Quelle phrase prononce Mario juste avant les crédits ? Welcome, welcome new galaxy !
56%
Quel boss est le "chef des fantômes" ? Polta
44%
Combien de fois doit-on frapper le Requin squelette avec une carapace pour le battre ? 5
35%
Avec l'aide de quels ennemis vient-on à bout du "chef des fantômes" ? Les Boo-ombs
35%
Aucun quiz correspondant
Distribution des résultats
% des personnes avec chaque résultat
Percentile par nombre de réponses
Votre historique - résultats
Vous n’avez pas pris ce quiz